Who's That With Angela Merkel? Quiz Stats

 Plays Quiz Updated Jul 5, 2018

Challenge
Share
Tweet
Score 0/25 Timer 07:00
1 Play Today
% Correct
Michelle Obama
99.4%
Donald Trump
97.3%
Hillary Clinton
97%
Vladimir Putin
96.5%
George W. Bush
95.9%
Queen Elizabeth II
94.5%
Barack Obama
93.1%
Amal Clooney & George Clooney
91.9%
Steven Spielberg & Tom Hanks
90.3%
Pope Francis
88%
Arnold Schwarzenegger
86.6%
Dalai Lama
83.6%
Prince William
83.2%
% Correct
Justin Trudeau
80%
Theresa May
75.7%
Ivanka Trump
73.2%
Mike Pence
71.5%
David Cameron
65.5%
Emmanuel Macron
59.8%
Richard Gere
58.4%
Nicolas Sarkozy
48.6%
Xi Jinping
47.3%
Shinzō Abe
45.5%
Recep Tayyip Erdoğan
41.6%
Silvio Berlusconi
38.3%

You're not logged in!

Compare scores with friends on all Sporcle quizzes.
Join for Free
OR
Log In

You Might Also Like...

Show Comments

Extras

Top Quizzes Today


Score Distribution

Your Account Isn't Verified!

In order to create a playlist on Sporcle, you need to verify the email address you used during registration. Go to your Sporcle Settings to finish the process.

Report this User

Report this user for behavior that violates our Community Guidelines.

Details: